Educational Psychology (Record no. 8203)

MARC details
000 -LEADER
fixed length control field 00996cam a2200301 a 4500
001 - CONTROL NUMBER
control field 15406326
003 - CONTROL NUMBER IDENTIFIER
control field OSt
005 - DATE AND TIME OF LATEST TRANSACTION
control field 20231011120443.0
008 - FIXED-LENGTH DATA ELEMENTS--GENERAL INFORMATION
fixed length control field 080809s2008 enka b 001 0 eng d
010 ## - LIBRARY OF CONGRESS CONTROL NUMBER
LC control number 2008426570
020 ## - INTERNATIONAL STANDARD BOOK NUMBER
International Standard Book Number 034092893X (pbk.)
020 ## - INTERNATIONAL STANDARD BOOK NUMBER
International Standard Book Number 9780340928936 (pbk.)
035 ## - SYSTEM CONTROL NUMBER
System control number (OCoLC)ocn191811083
040 ## - CATALOGING SOURCE
Original cataloging agency BTCTA
Transcribing agency BTCTA
Modifying agency BAKER
-- YDXCP
-- EUN
-- BWK
-- BWX
-- UAT
-- DLC
042 ## - AUTHENTICATION CODE
Authentication code lccopycat
082 00 - DEWEY DECIMAL CLASSIFICATION NUMBER
Classification number 370.15 MOR 2010
Edition number 22
100 1# - MAIN ENTRY--PERSONAL NAME
Personal name Roxana,Morena;
9 (RLIN) 13356
245 10 - TITLE STATEMENT
Title Educational Psychology
260 ## - PUBLICATION, DISTRIBUTION, ETC. (IMPRINT)
Place of publication, distribution, etc. London;
Name of publisher, distributor, etc. Hodder Education,
Date of publication, distribution, etc. 2010.
300 ## - PHYSICAL DESCRIPTION
Extent xiii, 282 p. :
Other physical details ill. ;
Dimensions 25 cm.
440 #0 - SERIES STATEMENT/ADDED ENTRY--TITLE
Title Topics in applied psychology
9 (RLIN) 13357
504 ## - BIBLIOGRAPHY, ETC. NOTE
Bibliography, etc Includes bibliographical references (p. [251}-273) and index.
650 #0 - SUBJECT ADDED ENTRY--TOPICAL TERM
Topical term or geographic name as entry element Education
9 (RLIN) 5140
650 #0 - SUBJECT ADDED ENTRY--TOPICAL TERM
Topical term or geographic name as entry element Psychology.
9 (RLIN) 31
906 ## - LOCAL DATA ELEMENT F, LDF (RLIN)
a 7
b cbc
c copycat
d 2
e ncip
f 20
g y-gencatlg
942 ## - ADDED ENTRY ELEMENTS (KOHA)
Source of classification or shelving scheme Dewey Decimal Classification
Koha item type Open Shelf
Holdings
Withdrawn status Lost status Source of classification or shelving scheme Damaged status Not for loan Home library Current library Date acquired Source of acquisition Inventory number Total Checkouts Full call number Barcode Date last seen Price effective from Koha item type
    Dewey Decimal Classification     MUST Main Library MUST Main Library 11/10/2023 Purchase 14/37807   370.15 MOR 2010 2023-0619 11/10/2023 11/10/2023 Open Shelf
    Dewey Decimal Classification     MUST Main Library MUST Main Library 26/06/2024 Donation 14/37763   370.15 MOR 2010 2024-21456 26/06/2024 26/06/2024 Open Shelf